01932cam a22003491 450000100060000000300080000600500170001400800410003103500190007203500190009104000380011004100080014808200240015610000360018024502760021626000850049230000710057749000620064850000430071050502590075360000460101260000390105860000400109765100580113765100470119570000540124270000540129670000620135094200120141299900170142495201410144122298BD-RjUL20211209000805.0140308s1927 enk 000 0 eng d a(BD-RjUL)22363 a(OCoLC)1516370 aDLCcFMdOCoLCdDLCdBD-RjULbeng aeng00bSTE V-1 1927a829.11 aStarkey, Thomas,d-1538.96884710aEngland in the reign of King Henry the Eighth :b[A dialogue between Cardinal Pole and Thomas Lupset, lecturer in rhetoric at Oxford /cBy Thomas Starkey, chaplain to the King. Ed. with preface notes, and glossary, by J.M. Cowper] ...nPart 1 :pStarkeys Life and Letters aLondon :bPub. for the Early English Text Society, by N. Trübner & Co.,c1927. a2 p. l., [iii]-c (i.e. 102) p., 1 l., ci-cixxvii, 236 p. ;c23 cm.0 aEarly English Text Society. Extra series.vno. XXXII, XII aPart 1 issued in 1878; pt. 2, in 1871.0 apt. I. Starkey's life and letters. With an appendix, giving an extract from Sir William Forrest's Pleasaunt poesye of princelie practise, 1548. Ed. by Sidney J. Herrtage.--pt. II. A dialogue between Cardinal Pole and Thomas Lupset ... Ed. by J.M. Cowper.00aHenrycKing of England,d1491-154796885910aPole, Reginald,d1500-1558.96886010aLupset, Thomas,d1498?-1530.968861 0aGreat BritainxHistoryyHenry VIII, 1509-1547.961197 0aGreat BritainxEconomic conditions.9688511 aForrest, William,cSir,dactive 1530-1581.9688521 aCowper, J. Meadowsq(Joseph Meadows),eed.9688531 aHerrtage, Sidney J. H.q(Sidney John Hervon),eed.961193 2ddccBK c22298d22298 00102ddc40728NFICaRUCLbRUCLcReadingd1956-11-06eBlackwellg9.60l0o826.1 STE V-1 1927r2014-03-08 00:00:00tC-1w2021-12-09yBK